Statistics for Largest country subdivisions in the world

Click here to take the quiz!

General Stats

  • This quiz has been taken 22 times
  • The average score is 6 of 15

Answer Stats

Area(sq km)Answer% Correct
1717854Alaska
89%
2645515Western Australia
53%
2166806Greenland
47%
1852456Queensland
47%
2063106Nunavut
42%
1346106Northwest Territories
37%
1228400Tibet
37%
1660000Xinjiang
37%
1183000Inner Mongolia
32%
1420968Northern Territory
32%
1570947Amazonas
26%
1542056Quebec
26%
3103000Sakha Republic
21%
2339700Krasnoyarsk
16%
1253654Para
16%

Score Distribution

Percentile by Number Answered

Percent of People with Each Score

Your Score History

You have not taken this quiz